South Eastern Kenya University

Library Online Public Access Catalogue


Cognitive psychology in and out of the laboratory / (Record no. 4348)

MARC details
000 -LEADER
fixed length control field 00362cam a2200121 i 4500
020 ## - ISBN
International Standard Book Number 9781452230320 (hbk. : alk. paper)
050 00 - LIBRARY OF CONGRESS CALL NUMBER
Classification Number BF 201
Item Number .G35 2014
100 1# - MAIN ENTRY--Author
Personal name Galotti, Kathleen M.,
Dates associated with a name 1957-
245 10 - TITLE
Title Cognitive psychology in and out of the laboratory /
Statement of responsibility, etc Kathleen M. Galotti.
250 ## - EDITIONSTATEMENT
Edition statement Fifth Edition.
300 ## - PHYSICAL DESCRIPTION
Extent xvii, 475 pages :
942 ## - ADDED ENTRY ELEMENTS(KOHA)
Source of classification or shelving scheme Library of Congress Classification
Koha item type General circulation

No items available.

Kitui, Kenya.
+254736116989
library@seku.ac.ke